Quizzes
Events
Quiz Creation
Community
Videos
Private Events
Remove Ads
Sign In
Join for FREE
Feedback
Dark Mode
Quiz Categories
Sports
Geography
Music
Movies
Television
Just For Fun
Miscellaneous
History
Literature
Language
Science
Gaming
Entertainment
Religion
Holiday
For Kids
Quiz Lab
Recent
Popular Today
Quiz Kudos Today
Editor Picks
Curator Picks
Quizzes by...
Day
Popularity
Type
Ratings
Length
Year
Community
Subscriptions
Recent Discussions
Orange Saloon
Badges
Playlists
Quests
Create
Leaderboards
Showdown
Live 5
Trivia Bingo
Activity
Puzzle Library
Sporcle Events
Private Events
Virtual Trivia
Globe League
Become a Host
Pub Owners
SporcleCon
Opinionation
Our Games
Videos
Blog
Mobile Apps
Partnerships
Remove Ads and Go Orange
Feedback
Music
Pop Music
The Beatles
Song
Album
Lyrics
Bands
Singers
Artist
Clip
Rock
Rap
Classical
Billboard
Country Music
Kpop
Taylor Swift
Music
Pop Music
The Beatles
Song
Album
Lyrics
Bands
Singers
Artist
Clip
Rock
Rap
Classical
Billboard
Country Music
Kpop
Taylor Swift
Random Quiz
Search Sporcle
×
Quiz Lab
Quiz Lab
Music
Song
Type in answers that appear in a list
Type in answers that appear in a list
Classic
Best Score? Go Orange.
Rap Songs by Lyrics Stats
Can you name the Rap Songs by Lyrics
By
Sasquatch_Jack
10m
25 Questions
46 Plays
46 Plays
46 Plays
Comments
Comments
Give Quiz Kudos
Give Quiz Kudos
-
- Ratings
hide this ad
Replay
Link that replays current quiz
Next Quiz
Link to next quiz in quiz playlist
You Got
0%
They Got
Avg Score
38%
Avg Friend Score
Upgrade to see
Score Distribution
Jump to the score distribution portion of the page
Score
0/25
Timer
10:00
0
Plays Today
Hint
Answer
% Correct
'His palms are sweaty, knees weak, arms are heavy. There's vomit on his sweater already; mom's spaghetti.'
Lose Yourself
80.4%
'Straight outta Compton, crazy **** named Ice Cube, from the gang called **** Wit Attitudes.'
Straight Outta Compton
78.3%
'Go Shorty, it's your birthday. We gonna party like it's your birthday.'
In Da Club
78.3%
'Where the Hood, where the Hood, where the Hood at?'
Where the Hood At?
63%
'Last name Ever, first name Greatest.'
Forever
63%
'I'm shocked too, I'm supposed to be locked up too, if you escaped what i've escaped, you'd be in Paris getting **** up too.'
**** in Paris
60.9%
'Move bitch, get out the way. Get out the way bitch, get out the way!'
Move Bitch
58.7%
'I can feel your energy from two planets away, I got my drink, I got my music, I would share it but today I'm yelling. Bitch don't kill my vibe.'
Bitch Don't Kill My Vibe
56.5%
Yellow model chick, yellow bottle sipping, yellow Lamborghini, yellow top missing,'
Look at Me Now
52.2%
'Grab your Glocks when you see 2pac. Call the cops when you see 2Pac.'
Hit 'em Up
50%
'Just waking up in the morning, gotta thank God I don't know but today seems kinda odd.'
It Was a Good Day
47.8%
'Dre-
day ****, AK ****...'
Still D.R.E.
28.3%
'I've been to Mushroom Mountain, once or twice but who's countin'?'
Purple Pills
28.3%
Hint
Answer
% Correct
'And I'm devastating, more than ever demonstrating, how to give a mothafuckin' audience a feeling like it's levitating.'
Rap God
28.3%
'So misunderstood, but what's a world without enigma? Two bitches at the same time, synchronized swimmers.'
6 Foot 7 Foot
26.1%
'Rappers, I monkey flip em with the funky rhythm I be kicking, musician, inflictin' composition.'
N.Y. State of Mind
26.1%
'I laid all them busters down, I let my Gat explode. Now I'm switching my mind back into freak-
mode.'
Regulate
21.7%
'Waiting on the Pizzle, the Dizzle and the Chizzle G's to the bizzack, now ladies here we gizzo.'
Drop it Like it's Hot
21.7%
'They see a black man with a white woman at the top floor, they gonna come to kill King Kong.'
Black Skinhead
21.7%
'Throw your Rolies in the sky, wave 'em side to side and keep your hands high.'
Mo' Money mo' Problems
17.4%
'To driving some of the hottest cars that New York has ever seen, for dropping some of the hottest verses Rap has ever heard.'
Hard Knock Life
17.4%
'Dammit Bobby boy, what in the hell? What in the heaven? What in the Earth? Where is your mom? What are you, cursed? Where are you from?'
Am I a Psycho
15.2%
'Ay, where the party at? Girls is on the way, where the Bacardi at?'
Where the Party at?
10.9%
'I love who you are, love who you ain't; you're so Anne Frank. Let's hit the attic to hide out for bout two weeks.'
So Fresh So Clean
8.7%
'My Tec-
9 I'ma call T-
Pain, 3 inch snub I'ma call Little Wayne, machine gun named Missy so loud she goes e-
e-
e-
e ahh, e-
e-
e-
e-
e-
e ahh.'
Nickname
4.3%
Quiz Playlist
Details
Report
Send in Message
Add To Playlist
Classic:
Type in answers that appear in a list
Last Updated: Feb 16, 2017
Quiz Scoreboard
CHALLENGE
Sign Up to Join the Scoreboard
Show All
Scores
Hide
Comments
May contain spoilers
Recently Published
An Introduction to Baseball
by treessimontrees
Sports
5m
Movies - When Are They Set?
by FPL_Elf
Movies
5m
Popular People in 1961
by mucciniale
History
6m
More to Explore
Quiz From the Vault
Featured Blog Post
Where Did the Easter Bunny Come From?
hide this ad
You Might Also Like...
Tags
Rap Quiz
Song Quiz
Rap Songs
Today's Top Quizzes in Music
Browse Music
hide this ad
Today's Top Quizzes in Song
Browse Song
Top Contributed Quizzes in Music
1
Taylor Swift All Songs (2024)
2
Guess the Artist- 70s Songs
3
KPOP LOGIC QUIZ
4
One Thing in Common: Music
5
2010s Album by Cover III
6
Guess the Taylor Swift song (Mystery Song)
7
Taylor Swift Logic Puzzle
8
2010s Album by Cover IV
9
2010s Album by Cover V
10
Kpop Logic Quiz
Explore More
Trending Topics
NBA
Anime
Harry Potter
Marvel
Kpop
Crossword
Disney
Song
The Office
NFL
WWE
Puzzle
Country
Pokémon
Soccer
hide this ad
More By:
Sasquatch_Jack
Quiz
Plays
Rating
Category
Featured
Created
Video Game Characters by Quotes
92
3.00
Gaming
Feb 12, 2014
Rap Songs by Lyrics
46
1.00
Music
Feb 26, 2014
Go to Creator's Profile
Score Distribution
Quiz Creator Spotlight
Sasquatch_Jack
Follow
Send a Message
Quizzes Created
-
Created Quiz Play Count
-
More By This Creator
Popular Quizzes Today
1
Find the Countries of Europe - No Outlines Minefield
2
Find the US States - No Outlines Minefield
3
The Countries of the World
4
Popular People in 1961
5
US States
6
Find the US States
7
1-10 Letter E Words III
8
Risky Map Clicking: Biggest States A-Z
More Music Quizzes
GUESS THE CURSED KPOP IMAGES (MALE)
Quiz Lab
Trending Quizzes
Risky Map Clicking: Least Populous States A-Z
1-10 Letter F Words
1-10 Letter G Words
Not Quite an Element Typing Challenge
One Thing in Common: United Kingdom
Recently Updated
Leaping Animals
pecheneg
Reality TV Shows (A-Z)
bhenderson79
Rickey Henderson's Hall of Fame Teammates
pecheneg
Champions League XIs: Arsenal
pecheneg
Quick Pick: Celebrities in WWE's Hall of Fame
aduchscher
A-Z Keypad Blitz II
pecheneg
Multiple Oscar Actors
pecheneg
Mystery Phrase Blitz: Oscar 'Best Actors'
pecheneg
F. Scott Fitzgerald Novels
LTH
Pick 3 Villains
ddd62291
Trending Topics
Harry Potter
NBA
Crossword
Kpop
Anime
Marvel
Disney
Soccer
WWE
Song
Country
NFL
Pokémon
The Office
Puzzle
Your Account Isn't Verified!
In order to create a playlist on Sporcle, you need to verify the email address you used during registration. Go to your
Sporcle Settings
to finish the process.
Report this User
Report this user for behavior that violates our
Community Guidelines
.
Details:
Send Report
Go to the Sporcle.com Mobile Site →
Comments